Loading...
| Fine Arts - Auditory Fine Arts | 5 | 8.00 | 60% | 0% | 20% |
| Fine Arts - Other Fine Arts | 1 | 10.00 | 100% | 0% | 0% |
| Fine Arts - Visual Fine Arts | 1 | 0.00 | 0% | 0% | 0% |
| Geography | 1 | 10.00 | 100% | 0% | 0% |
| History - American History | 2 | 15.00 | 100% | 0% | 50% |
| History - European History | 1 | 10.00 | 100% | 0% | 0% |
| History - Other History | 3 | 10.00 | 100% | 0% | 0% |
| Literature - American Literature | 3 | 6.67 | 67% | 0% | 0% |
| Literature - British Literature | 1 | 0.00 | 0% | 0% | 0% |
| Literature - European Literature | 3 | 0.00 | 0% | 0% | 0% |
| Literature - World Literature | 4 | 5.00 | 50% | 0% | 0% |
| Other Academic | 1 | 10.00 | 100% | 0% | 0% |
| Philosophy | 3 | 6.67 | 33% | 33% | 0% |
| Pop Culture | 2 | 10.00 | 50% | 50% | 0% |
| Religion | 4 | 10.00 | 100% | 0% | 0% |
| Science - Biology | 5 | 16.00 | 100% | 40% | 20% |
| Science - Other Science | 3 | 10.00 | 67% | 33% | 0% |
| Science - Physics | 2 | 15.00 | 100% | 50% | 0% |
| Social Science | 2 | 15.00 | 100% | 50% | 0% |